书目信息 |
| 题名: |
言语风格学
|
|
| 作者: | 郑远汉 著 | |
| 分册: | ||
| 出版信息: | 武汉 湖北教育出版社 1990 |
|
| 页数: | 356页 | |
| 开本: | 20cm | |
| 丛书名: | ||
| 单 册: | ||
| 中图分类: | H151 | |
| 科图分类: | ||
| 主题词: | 汉语--写作 , 汉语--修辞 | |
| 电子资源: | ||
| ISBN: | 7-5351-0492-4 | |
| 000 | 00554nam0 2200205 450 | |
| 001 | 0757319402 | |
| 005 | 20070721152608.21 | |
| 010 | @a7-5351-0492-4@dCNY4.70 | |
| 100 | @a20070719d1990 km y0chiy0120 ea | |
| 101 | 0 | @achi |
| 102 | @aCN@b420000 | |
| 200 | 1 | @a言语风格学@Ayan yu feng ge xue@f郑远汉著@Fzheng yuan han zhu |
| 210 | @a武汉@c湖北教育出版社@d1990 | |
| 215 | @a356页@d20cm | |
| 606 | 0 | @a汉语@x写作 |
| 606 | 0 | @a汉语@x修辞 |
| 690 | @aH151@v3 | |
| 701 | 0 | @a郑远汉@Azheng yuan han@4著 |
| 801 | 0 | @aCN@bPFT@c20070721 |
| 905 | @a10447@dH151@e418 | |
| 言语风格学/郑远汉著.-武汉:湖北教育出版社,1990 |
| 356页;20cm |
| ISBN 7-5351-0492-4:CNY4.70 |
| ● |
| 相关链接 |
|
|
|
|
正题名:言语风格学
索取号:H151/418
 
预约/预借
| 序号 | 登录号 | 条形码 | 馆藏地/架位号 | 状态 | 备注 |
| 1 | 0769538 | 207695387 | 第二样本阅览室/ [索取号:H151/418] | 在馆 |